<?xml version="1.0" encoding="UTF-8"?>
<record
    xmlns:xsi="http://www.w3.org/2001/XMLSchema-instance"
    xsi:schemaLocation="http://www.loc.gov/MARC21/slim http://www.loc.gov/standards/marcxml/schema/MARC21slim.xsd"
    xmlns="http://www.loc.gov/MARC21/slim">

  <leader>01124nam a2200313ua 4500</leader>
  <controlfield tag="001">1285215</controlfield>
  <controlfield tag="003">CO-ViMGA</controlfield>
  <controlfield tag="005">20230915233614.0</controlfield>
  <controlfield tag="008">120524s2011    ck a   jr     00010 spa d</controlfield>
  <datafield tag="020" ind1=" " ind2=" ">
    <subfield code="a">9789583037573</subfield>
  </datafield>
  <datafield tag="040" ind1=" " ind2=" ">
    <subfield code="a">CO-ViMGA</subfield>
    <subfield code="b">spa</subfield>
    <subfield code="c">CO-ViMGA</subfield>
  </datafield>
  <datafield tag="041" ind1="1" ind2=" ">
    <subfield code="h">ger</subfield>
  </datafield>
  <datafield tag="082" ind1="0" ind2="4">
    <subfield code="a">I500 K73c </subfield>
    <subfield code="b">K73c </subfield>
    <subfield code="2">21</subfield>
  </datafield>
  <datafield tag="100" ind1="0" ind2=" ">
    <subfield code="a">Krekeler, Hermann.</subfield>
    <subfield code="9">1013</subfield>
  </datafield>
  <datafield tag="245" ind1="1" ind2="0">
    <subfield code="a">49 experimentos sencillos y divertidos / </subfield>
    <subfield code="c">Hermann Krekeler ; ilustradores Gabriele Pohl,  Isabelle Dinter ; traductor Mercedes J. Cardenas.</subfield>
  </datafield>
  <datafield tag="246" ind1="3" ind2="1">
    <subfield code="a">Cuarenta experimentos sencillos y divertidos</subfield>
  </datafield>
  <datafield tag="250" ind1=" " ind2=" ">
    <subfield code="a">Editora Monica Laverde.</subfield>
  </datafield>
  <datafield tag="260" ind1=" " ind2=" ">
    <subfield code="a">Bogota : </subfield>
    <subfield code="b">Panamericana Editorial, </subfield>
    <subfield code="c">2011.</subfield>
  </datafield>
  <datafield tag="300" ind1=" " ind2=" ">
    <subfield code="a">114 p. : </subfield>
    <subfield code="b">il. ; </subfield>
    <subfield code="c">28 cm.</subfield>
  </datafield>
  <datafield tag="500" ind1=" " ind2=" ">
    <subfield code="a">Glosario : p. 113.</subfield>
  </datafield>
  <datafield tag="534" ind1=" " ind2=" ">
    <subfield code="p">Titulo original : </subfield>
    <subfield code="t">Kosmos experimente for Fortgeschrittene.</subfield>
  </datafield>
  <datafield tag="650" ind1="1" ind2="4">
    <subfield code="a">Ciencia</subfield>
    <subfield code="x"> Experimentos.</subfield>
    <subfield code="9">1015</subfield>
  </datafield>
  <datafield tag="650" ind1="1" ind2="4">
    <subfield code="a">Experimentacion cientifica.</subfield>
    <subfield code="9">1014</subfield>
  </datafield>
  <datafield tag="700" ind1="1" ind2=" ">
    <subfield code="a">Cardenas, Mercedes J., </subfield>
    <subfield code="e">tr.</subfield>
    <subfield code="9">1018</subfield>
  </datafield>
  <datafield tag="700" ind1="1" ind2=" ">
    <subfield code="a">Dinter, Isabelle, </subfield>
    <subfield code="e">il.</subfield>
    <subfield code="9">1017</subfield>
  </datafield>
  <datafield tag="700" ind1="1" ind2=" ">
    <subfield code="a">Laverde, Monica, </subfield>
    <subfield code="e">ed.</subfield>
    <subfield code="9">1019</subfield>
  </datafield>
  <datafield tag="700" ind1="1" ind2=" ">
    <subfield code="a">Pohl, Gabriele, </subfield>
    <subfield code="e">il.</subfield>
    <subfield code="9">1016</subfield>
  </datafield>
  <datafield tag="942" ind1=" " ind2=" ">
    <subfield code="2">ddc</subfield>
    <subfield code="c">BK</subfield>
  </datafield>
  <datafield tag="999" ind1=" " ind2=" ">
    <subfield code="c">37345</subfield>
    <subfield code="d">37345</subfield>
  </datafield>
  <datafield tag="952" ind1=" " ind2=" ">
    <subfield code="0">0</subfield>
    <subfield code="1">0</subfield>
    <subfield code="2">ddc</subfield>
    <subfield code="4">0</subfield>
    <subfield code="7">0</subfield>
    <subfield code="8">003</subfield>
    <subfield code="a">MEVIECAR</subfield>
    <subfield code="b">MEVIECAR</subfield>
    <subfield code="d">2020-04-17</subfield>
    <subfield code="l">0</subfield>
    <subfield code="o">500 K73c </subfield>
    <subfield code="p">33361</subfield>
    <subfield code="r">2020-04-17 00:00:00</subfield>
    <subfield code="w">2020-04-17</subfield>
    <subfield code="y">BK</subfield>
  </datafield>
  <datafield tag="952" ind1=" " ind2=" ">
    <subfield code="0">0</subfield>
    <subfield code="1">0</subfield>
    <subfield code="2">ddc</subfield>
    <subfield code="4">0</subfield>
    <subfield code="7">0</subfield>
    <subfield code="8">003</subfield>
    <subfield code="a">MEVIECAR</subfield>
    <subfield code="b">MEVIECAR</subfield>
    <subfield code="d">2020-04-17</subfield>
    <subfield code="l">0</subfield>
    <subfield code="o">500 K73c </subfield>
    <subfield code="p">33362</subfield>
    <subfield code="r">2020-04-17 00:00:00</subfield>
    <subfield code="w">2020-04-17</subfield>
    <subfield code="y">BK</subfield>
  </datafield>
</record>
